00474 2200181 4500001002100000005001500021035002000036245003900056100001200095250001700107300003200124260003900156082001000195084001700205020002200222650002400244500002400268INLIS00000000000064320240827092444 a0010-08240001611 aBercocok Tanam Palawija /cMashudi0 aMashudi acetakan ke-1 aiv, 76 hlm :bIlus ;c22 cm aJakarta :bAzka Mulia Media,c2007 a633.3 a633.3 MAS b a978-979-1211-40-6 4aTanaman Biji-bijian aSeri Bercocok Tanam